MARC

LEADER 00000nam0a2200000 4500
001 29091
005 20231030203141.0
010 |a 5230071923 
035 |a (RuTPU)RU\TPU\book\29350 
035 |a BOOK00029425 
090 |a 29091 
100 |a 20011209d1992 m y0rusy50 ca 
101 0 |a rus 
102 |a RU 
105 |a y j 000zy 
200 1 |a Современные конструкции токарных резцов  |e учебное пособие  |f Н. К. Лавров, В. В. Захаров  |g Саратовский политехнический институт 
210 |a Саратов  |c Изд-во Саратовского политехнического ин-та  |d 1992 
215 |a 83 с. 
320 |a Библиогр.: с. 81-82. 
610 1 |a металлообработка 
610 1 |a токарное дело 
610 1 |a токарные резцы 
610 1 |a режущие инструменты 
610 1 |a автоматизированные производства 
610 1 |a станки с ЧПУ 
610 1 |a учебные пособия 
675 |a 621.941.02(075.8)  |v 3 
700 1 |a Лавров  |b Н. К.  |g Николай Константинович 
701 1 |a Захаров  |b В. В.  |g Владимир Владимирович 
712 0 2 |a Саратовский политехнический институт  |2 stltpush  |3 (RuTPU)RU\TPU\col\283 
801 0 |a RU  |b 63413507  |c 20011209  |g PSBO 
801 2 |a RU  |b 63413507  |c 20051018  |g PSBO 
942 |c BK